000 004910000a22001810004500
003 MACL
005 20151231131647.0
008 151231b xxu||||| |||| 00| 0 eng d
040 _aMACL
_cMACL
041 _aEnglish
082 _a347.07/CHA
100 _aChaturvedi, A N
_925622
245 _aLaw of pleadings Conveyancing Drafting and Professional Ethics
260 _bAllahabad Law Agency
350 _a14
650 _aCivil Procedure & Courts
_925623
942 _cBK
_k347.072/CHA
_2ddc
999 _c33746
_d33746